Score 0/26 Timer 04:00
0 Plays Today
Movie Title Missing Word % Correct
The Day the _____ Stood Still (1951)Earth
98%
_____ in Black (1997)Men
97.9%
It Came From _____ Space (1953)Outer
97.3%
Close Encounters of the Third _____ (1977)Kind
96.8%
_____ of the Worlds (1953)War
96%
The _____ Horror Picture Show (1975)Rocky
95.5%
_____ & Stitch (2002)Lilo
95.5%
The _____ Files (1998)X
95.3%
Invasion of the _____ Snatchers (1956)Body
94.8%
The _____ Element (1997)Fifth
93.9%
What Planet Are _____ From? (2000)You
93.8%
The _____ Guide to the Galaxy (2005)Hitchhiker's
92.6%
E.T. the Extra-_____ (1982)Terrestrial
91.6%
Movie Title Missing Word % Correct
Mars _____! (1996)Attacks
90.5%
Ender's _____ (2013)Game
89.7%
_____ the Skin (2013)Under
89.6%
Galaxy _____ (1999)Quest
89%
_____ Day (1996)Independence
87.8%
Alien vs. _____ (2004)Predator
84.6%
Space _____ (1996)Jam
81.8%
Star Trek IV: The _____ Home (1986)Voyage
78.5%
I Am _____ Four (2011)Number
77.8%
_____ 9 (2009)District
65.4%
_____ Little (2005)Chicken
58%
My _____ is an Alien (1988)Stepmother
50.1%
_____ Troopers (1985)Zone
9.7%

Today's Daily Dose

Remove Ads.
Support Sporcle.
Get the best of Sporcle when you Go Orange. This ad-free experience offers more features, more stats, and more fun while also helping to support Sporcle. Thank you for becoming a member.

You're not logged in!

Compare scores with friends on all Sporcle quizzes.
OR
Log In

Sporcle TV

Today on Sporcle TV


Watch our educational content, quiz creation guides, and fun videos on Sporcle TV.

Show Comments

Extras

Top Quizzes Today


Score Distribution

Paid Content

Your Account Isn't Verified!

In order to create a playlist on Sporcle, you need to verify the email address you used during registration. Go to your Sporcle Settings to finish the process.

Report this User

Report this user for behavior that violates our Community Guidelines.

Details: